• 首页
  • 本馆介绍
  • 公告通知
  • 最新文献
  • 馆藏检索
  • 电子资源
  • 读者导购
  • 参考咨询
  • 我的图书馆
  • 登录
  • 详细信息显示
  • 放入我的书架
  • 预约/预借图书
  • 作者相关作品
  • 分类相关作品
  • 丛书相关作品
  • 出版社相关作品

书目信息

  • 表格格式
  • 工作单格式
  • 卡片格式
题名:
论环境友好型社会建设
    
 
作者: 刘志全 , 朱焕滇 , 徐云 主编 ;中国环境学会 , 国家环境保护总局 , 中关村国际环保产业促进中心 编
分册:  
出版信息: 北京   中国环境科学出版社  2006
页数: 340页
开本: 21cm
丛书名:
单 册:
中图分类: X-12
科图分类:
主题词: 环境保护--研究--中国 , 环境保护
电子资源:
ISBN: 7-80209-283-3
000 01524nam0 2200313 450
001 003180514
005 20060807090031.0
010    @a7-80209-283-3@dCNY30.00
035    @a003180514
100    @a20060531d2006 emky0chiy0110 ea
101 0  @achi
102    @aCN@b110000
105    @ay z 000yy
106    @ar
200 1  @a论环境友好型社会建设@Alun huan jing you hao xing she hui jian she@f刘志全,朱焕滇,徐云主编@Fliu zhi quan, zhu huan dian, xu yun zhu bian@g中国环境科学学会,国家环境保护总局科学技术顾问委员会,中关村国际环保产业促进中心编@Gzhong guo huan jing ke xue xue hui, guo jia huan jing bao hu zong ju ke xue ji shu gu wen wei yuan hui, zhong guan cun guo ji huan bao chan ye cu jin zhong xin bian
210    @a北京@c中国环境科学出版社@d2006
215    @a340页@d21cm
330    @a本书紧密围绕建设环境友好型社会的中心思想进行探究、讨论,内容分为五篇:坚持用科学发展观来指导环境保护工作、建设环境友好型社会是历史的必然选择、建设环境友好型社会专家访谈、相关文件选编。
606 0  @a环境保护@x研究@y中国
606 0  @a环境保护
690    @aX-12@v4
701  0 @a刘志全@Aliu zhi quan@c(环境科学)@4主编
701  0 @a朱焕滇@Azhu huan dian@4主编
701  0 @a徐云@Axu yun@c(环境保护)@4主编
712 02 @a中国环境学会@Azhong guo huan jing xue hui@4编
712 02 @a国家环境保护总局@Aguo jia huan jing bao hu zong ju@4编
712 02 @a中关村国际环保产业促进中心@Azhong guan cun guo ji huan bao chan ye cu jin zhong xin@4编
801  0 @aCN@bNLC@c20060808
905    @dX-12@e145 @f3
    
    论环境友好型社会建设/刘志全,朱焕滇,徐云主编/中国环境科学学会,国家环境保护总局科学技术顾问委员会,中关村国际环保产业促进中心编.-北京:中国环境科学出版社,2006
    340页;21cm
    
    
    ISBN 7-80209-283-3:CNY30.00
    本书紧密围绕建设环境友好型社会的中心思想进行探究、讨论,内容分为五篇:坚持用科学发展观来指导环境保护工作、建设环境友好型社会是历史的必然选择、建设环境友好型社会专家访谈、相关文件选编。
●
相关链接 在E读中查询图书 在五车中查询图书 在当当中查询图书 在豆瓣中查询图书


正题名:论环境友好型社会建设     索取号:X-12/145         预约/预借

序号 登录号 条形码 馆藏地/架位号 状态 备注
1 0807827   208078275   第二样本阅览室/ [索取号:X-12/145] 在馆    
2 0807828   208078284   第三借阅区/ [索取号:X-12/145] 在馆    
3 0853863   208538634   第三借阅区/ [索取号:X-12/145] 在馆    
4 0853864   208538643   第三借阅区/ [索取号:X-12/145] 在馆    
5 0853865   208538652   第三借阅区/ [索取号:X-12/145] 在馆    
唐山师范学院图书馆 欢迎您!
大连网信软件有限公司© 版权所有